Southville International School and Colleges
Your cart is empty.
  • Cart
  • Lists
    Public lists Eva Luna New books Lux_list list_1
    Your lists Log in to create your own lists
  • Log in to your account
  • Your cookies
  • Search history
Southville International School and Colleges
  • Advanced search
  • Recent comments
  • Most popular
  • Libraries

Log in to your account

Log in with GOOGLE


If you do not have an external account, but do have a local account, you can still log in:

  1. Home
  2. MARC view: Fun with computers 2 /
Normal view MARC view ISBD view

Fun with computers 2 / (Record no. 42425)

[ view plain ]
MARC details
000 -LEADER
fixed length control field 00398nam a22001577a 4500
003 - CONTROL NUMBER IDENTIFIER
control field OSt
005 - DATE AND TIME OF LATEST TRANSACTION
control field 20140311163158.0
008 - FIXED-LENGTH DATA ELEMENTS--GENERAL INFORMATION
fixed length control field 140227t xxu||||| |||| 00| 0 eng d
020 ## - INTERNATIONAL STANDARD BOOK NUMBER
International Standard Book Number 9789713704252
050 ## - LIBRARY OF CONGRESS CALL NUMBER
Classification number QA 581.8
Item number .J399f2 2011
245 ## - TITLE STATEMENT
Title Fun with computers 2 /
260 ## - PUBLICATION, DISTRIBUTION, ETC. (IMPRINT)
Place of publication, distribution, etc Philippines :
Name of publisher, distributor, etc Jemma Inc.,
Date of publication, distribution, etc 2011.
300 ## - PHYSICAL DESCRIPTION
Extent 150 p. :
Other physical details ill. ;
Dimensions 26 cm.
942 ## - ADDED ENTRY ELEMENTS (KOHA)
Source of classification or shelving scheme Library of Congress Classification
Koha item type Books
Holdings
Withdrawn status Lost status Source of classification or shelving scheme Damaged status Home library Current library Shelving location Date acquired Total Checkouts Full call number Barcode Date last seen Copy number Price effective from Koha item type
    Library of Congress Classification   Luxembourg Library Luxembourg Library Computer Science Section 02/27/2014   QA 581.8 .J399f2 2011 19663 02/27/2014 1 02/27/2014 Books

Fun with computers 2 /

APA

(2011). Fun with computers 2. Philippines: Jemma Inc.

Chicago

2011. Fun with computers 2. Philippines: Jemma Inc.

Harvard

(2011). Fun with computers 2. Philippines: Jemma Inc.

MLA

Fun with computers 2. Philippines: Jemma Inc. 2011.

  • Place hold
  • Print
  • Cite
  • Add to your cart (remove)
  • Save record
    BIBTEX Dublin Core MARCXML MARC (non-Unicode/MARC-8) MARC (Unicode/UTF-8) MARC (Unicode/UTF-8, Standard) MODS (XML) RIS
  • More searches
    Search for this title in:
    Other Libraries (WorldCat) Other Databases (Google Scholar) Online Stores (Bookfinder.com) Open Library (openlibrary.org)

Exporting to Dublin Core...

SOUTHVILLE LIBRARY

Southville International School and Colleges Library

1281 Tropical Ave. Cor. Luxembourg St., BF Homes International, Las Pinas City

Tel. No. 8256374 / 252358 Loc. 117/146

Powered by Koha